000 00527nam a2200193Ia 4500
003 OSt
005 20200904111023.0
008 190216s9999||||xx |||||||||||||| ||und||
020 _a9788120336353
040 _coclc
082 _a530.12
_bARU/Q
100 _aAruldhas, G
_94106
245 0 _aQuantum Mechanics /
_cG Aruldhas
250 _a2nd Ed.
260 _bPHI Learning Private Ltd,
_c2009.
_aNew Delhi:
300 _a504p
650 _aPhysics
942 _cBK
_2ddc
_h530.12
_iARU/Q
_k530.12
_mARU/Q
999 _c34174
_d34174